Modelling sustainable development: transitions to a sustainable future
Guardat en:
| Autors principals: | , , |
|---|---|
| Format: | Llibre |
| Idioma: | anglès |
| Publicat: |
Cheltenham
Edward Elgar
2009
|
| Matèries: | |
| Etiquetes: |
Afegir etiqueta
Sense etiquetes, Sigues el primer a etiquetar aquest registre!
|
MARC
| LEADER | 00000nam a2200000 a 4500 | ||
|---|---|---|---|
| 001 | UCG5430 | ||
| 003 | CL-VaPUC | ||
| 008 | 110303e20090000uk |||||||||||||||||eng|d | ||
| 020 | |a 9781847209054 | ||
| 082 | 0 | 4 | |a 333.715 |b BOS |2 21 |
| 100 | 0 | |a Bosetti, Valentina |e author |9 555158 | |
| 700 | 0 | |a Gerlagh, Reyer |e author |9 555159 | |
| 700 | 0 | |a Schleicher, Stefan P |e author |9 555160 | |
| 245 | 1 | 0 | |a Modelling sustainable development: transitions to a sustainable future |
| 300 | |a 259 p | ||
| 942 | |c BK | ||
| 945 | |d 20110303 00:00:00 |a dcastane | ||
| 260 | |a Cheltenham |b Edward Elgar |c 2009 | ||
| 650 | 0 | |a Conservación del medio ambiente |9 340695 | |
| 650 | 0 | |a Desarrollo sustentable |9 333905 | |
| 650 | 0 | |a Ecosistemas |9 261477 | |
| 583 | |a last modification |c 20150511 04:42:29 |k Rodrigo Vera | ||
| 999 | |c 343947 |d 343945 | ||
| 952 | |0 0 |1 0 |4 0 |6 333_715000000000000_BOS_2009 |7 0 |8 CCM |9 441664 |a BIBCUR |b BIBCUR |d 2019-11-22 |i 4752643 |o 333.715 BOS 2009 |p 4752643 |r 2025-04-22 |w 2019-11-22 |y BK |k CIM | ||